|
|
|
|
| LEADER |
00000nam0a2200000 4500 |
| 001 |
317270 |
| 005 |
20231102002946.0 |
| 035 |
|
|
|a (RuTPU)RU\TPU\book\342738
|
| 090 |
|
|
|a 317270
|
| 100 |
|
|
|a 20160406d1950 km y0rusy50 ca
|
| 101 |
0 |
|
|a rus
|
| 102 |
|
|
|a RU
|
| 105 |
|
|
|a a z 001zy
|
| 200 |
1 |
|
|a Ледовый режим трубопроводов гидроэлектрических станций
|f П. А. Богословский
|
| 210 |
|
|
|a Москва
|a Ленинград
|c Госэнергоиздат
|d 1950
|
| 215 |
|
|
|a 155 с.
|c ил.
|
| 320 |
|
|
|a Библиогр.: с. 154-155
|
| 320 |
|
|
|a Обозначения и величины: с. 7-8
|
| 606 |
1 |
|
|a Гидроэлектрические станции
|x Трубопроводы
|2 stltpush
|3 (RuTPU)RU\TPU\subj\7143
|9 34863
|
| 610 |
1 |
|
|a тепло
|
| 610 |
1 |
|
|a баланс
|
| 610 |
1 |
|
|a уравнение баланса тепла
|
| 610 |
1 |
|
|a трубопроводное оледенение
|
| 610 |
1 |
|
|a предельное оледенение
|
| 610 |
1 |
|
|a цилиндрическое оледенение
|
| 610 |
1 |
|
|a установившееся оледенение
|
| 610 |
1 |
|
|a гидроэлектростанции
|
| 610 |
1 |
|
|a ГЭС
|
| 610 |
1 |
|
|a напорные тракты
|
| 610 |
1 |
|
|a внутриводный лед
|
| 675 |
|
|
|a 621.311.21.002.5:621.643
|v 4
|
| 700 |
|
1 |
|a Богословский
|b П. А.
|
| 801 |
|
1 |
|a RU
|b 63413507
|c 20160406
|
| 801 |
|
2 |
|a RU
|b 63413507
|c 20200707
|g RCR
|
| 942 |
|
|
|c BK
|